Notes on the lectures of L.ron hubbard (Record no. 64066)

MARC details
000 -LEADER
fixed length control field 00400nam a22001337a 4500
005 - DATE AND TIME OF LATEST TRANSACTION
control field 20180806153716.0
020 ## - INTERNATIONAL STANDARD BOOK NUMBER
International Standard Book Number 8778160065
Terms of availability 00.00
035 ## - SYSTEM CONTROL NUMBER
System control number B-81851, B-081845, B-081844
037 ## - SOURCE OF ACQUISITION
Stock number DPL
Source of stock number/acquisition ENG
245 ## - TITLE STATEMENT
Title Notes on the lectures of L.ron hubbard
260 ## - PUBLICATION, DISTRIBUTION, ETC. (IMPRINT)
Place of publication, distribution, etc Denmark
Name of publisher, distributor, etc New Era Publications International Aps
Date of publication, distribution, etc 1994
300 ## - PHYSICAL DESCRIPTION
Extent 269p.
Dimensions 22 cms.
942 ## - ADDED ENTRY ELEMENTS (KOHA)
Source of classification or shelving scheme Dewey Decimal Classification
Item type English Books
Classification part 158.1
Call number suffix HUB
Holdings
Withdrawn status Lost status Not for loan Collection code Home library Current library Date acquired Cost, normal purchase price Full call number Barcode Cost, replacement price Koha item type Source of acquisition
      Non-fiction Patel Nagar Patel Nagar 03/08/2018 0.00 158.1 HUB B-081845 0.00 English Books BPPD/PUB
      Non-fiction Patel Nagar Patel Nagar 06/08/2018 0.00 158.1 HUB B-081844 0.00 English Books BPPD/PUB
      Non-fiction Sarojini Nagar Sarojini Nagar 16/03/2012 0.00 158.1 HUB B-081851 0.00 English Books  

© Delhi Public Library
Hit Counter
free hit counter